000 00703nam a2200277Ia 4500
001 Z_2593
003 CHAP
008 220113s1979 xx 000 0 und d
010 _a165653
040 _cCHAP
082 _a581.1 B5y
100 _aBidwell, Roger Grafton Shelford
_912624
245 _aFisiología vegetal /
_cpor Roger Grafton Shelford Bidwell
260 _aMéxico, D. F. :
_bAGT,
_c1979
300 _a784 p. :
_bilus.
440 _a
500 _aTrad. De : la 2 ed. En inglés de 1979
503 _a123802, 128809,129057, C/E
650 _aFisiología vegetal
_941136
901 _a581.1 B5y
902 _aA
910 _a1979
942 _c1
942 _cc1
999 _c165653
_d165653